00958nam a2200265 a 4500001001000000005001700010008004100027041000800068044000700076050002100083100005000104245010300154260002400257300002400281440007200305500000800377650004400385650003600429651004800465700003300513902000800546942001100554999001500565952011200580BRCA_690720190320205634.0161111s1944----mx-a######---#000-0#spa-# aspa amx 4aHN389b.B48 19441 aBeveridge, William Herry, barond1879-91720110aLas bases de la seguridad socialcSir William Beveridge ; versión española de Teodoro Ortíz. aMéxicobFCEc1944 a265 p.bil.c20 cm. 0aSección de obras de EconomíapManuales Introductoriosv2917202 aO9914aSeguridad socialzGran Bretaña91720314aGuerra Mundialy1939-194597638 4aGran BretañaxCondiciones sociales9172041 aOrtíz, Teodoroetr.917205 aGFM 2lcccB c6589d6589 00104070aBRCAbBRCAd2011-11-16iO99l0oHN389 .B48 1944 (O99)p7354r2019-03-22 00:00:00w2019-03-22yB